[Event "FB23 1920 FC Bayern München - Kissches"]
[Site "?"]
[Date "2019.09.15"]
[Round "2.2"]
[White "Santeramo, Alessia"]
[Black "Kiolbasa, Oliwia"]
[Result "1-0"]
[WhiteElo "2118"]
[BlackElo "2246"]
[PlyCount "91"]
[EventDate "2019.??.??"]

1. e4 e5 2. Nf3 Nc6 3. Bb5 a6 4. Ba4 Nf6 5. O-O Be7 6. d3 b5 7. Bb3 d6 8. a3
O-O 9. Nc3 Bg4 10. Be3 Nd4 11. Bxd4 exd4 12. Nd5 c6 13. Nxe7+ Qxe7 14. h3 Bxf3
15. Qxf3 Nd7 16. Rae1 a5 17. e5 Nxe5 18. Qe4 Qf6 19. f4 Ng6 20. Qxc6 a4 21. Ba2
Rac8 22. Qxb5 Rxc2 23. Re8 h6 24. Rxf8+ Nxf8 25. Qxa4 Rxb2 26. Bc4 Qe7 27. Qa8
Qe3+ 28. Kh1 Rf2 29. Rxf2 Qxf2 30. Qe4 Qb2 31. Qf5 Qb7 32. a4 Nh7 33. a5 Nf6
34. a6 Qc7 35. Kh2 h5 36. Bd5 h4 37. Bb7 Nd7 38. Qe4 d5 39. Qxd4 Nc5 40. a7
Qxb7 41. Qxc5 Qa6 42. Qe7 Qa4 43. Qd8+ Kh7 44. Qxh4+ Kg8 45. Qd8+ Kh7 46. Qb8 {
Schwarz gab auf} 1-0

[Event "FB23 1920 FC Bayern München - Kissches"]
[Site "?"]
[Date "2019.09.15"]
[Round "2.3"]
[White "Radeva, Viktoria"]
[Black "Vidonyak, Nellya"]
[Result "1-0"]
[WhiteElo "2257"]
[BlackElo "2133"]
[PlyCount "117"]
[EventDate "2019.??.??"]

1. e4 d6 2. d4 e5 3. dxe5 dxe5 4. Qxd8+ Kxd8 5. Nf3 f6 6. Nc3 c6 7. Be3 Be6 8.
O-O-O+ Kc7 9. a3 Nd7 10. Be2 Nb6 11. Rd2 Bd6 12. Rhd1 Rd8 13. a4 Ne7 14. a5
Nbc8 15. Na4 Bf7 16. Nc5 Bxc5 17. Bxc5 Rxd2 18. Nxd2 b6 19. axb6+ axb6 20. Be3
Nd6 21. b3 c5 22. Kb2 Ra8 23. f3 Nc6 24. c3 Be6 25. Bf2 g5 26. Ra1 Rg8 27. Nf1
Na5 28. Bxc5 Nxb3 29. Ra7+ Kc6 30. Bxd6 Kxd6 31. Ne3 Rc8 32. Rb7 Kc6 33. Rxh7
Nc5 34. c4 Na4+ 35. Kc2 Kc5 36. Re7 Kd4 37. Kd2 Rc6 38. Re8 Nb2 39. Rd8+ Kc5
40. Kc3 Na4+ 41. Kc2 Rc8 42. Rxc8+ Bxc8 43. Kb3 Bd7 44. Nd5 Kd4 45. Nxf6 Nc5+
46. Kb4 Na6+ 47. Ka3 Be6 48. Nd5 Nc5 49. Kb4 Nd7 50. Kb5 Bxd5 51. cxd5 Ke3 52.
Bc4 Kf2 53. d6 Kxg2 54. Be6 Nf6 55. Bg4 Kf2 56. h3 Ke3 57. d7 Nxd7 58. Bxd7
Kxf3 59. Bf5 {Schwarz gab auf} 1-0

[Event "FB23 1920 FC Bayern München - Kissches"]
[Site "?"]
[Date "2019.09.15"]
[Round "2.4"]
[White "Dirmeier, Carolin"]
[Black "Gaboyan, Susanna"]
[Result "1/2-1/2"]
[WhiteElo "1946"]
[BlackElo "2206"]
[PlyCount "121"]
[EventDate "2019.??.??"]

1. e4 c5 2. Nf3 Nc6 3. d4 cxd4 4. Nxd4 Nf6 5. Nc3 e5 6. Ndb5 d6 7. Bg5 a6 8.
Na3 b5 9. Nd5 Be7 10. Bxf6 Bxf6 11. c3 Bg5 12. Nc2 Ne7 13. Ncb4 O-O 14. Bd3 Be6
15. Bc2 a5 16. Nxe7+ Qxe7 17. Nd5 Qb7 18. h4 Bh6 19. g4 Bxd5 20. Qxd5 Qxd5 21.
exd5 Bf4 22. a4 Rab8 23. b3 b4 24. c4 Rbe8 25. Ke2 e4 26. Rad1 f5 27. gxf5 Rxf5
28. Rhg1 Rf7 29. Rd4 e3 30. f3 Ref8 31. Be4 g6 32. h5 g5 33. Rg4 Kg7 34. Rd1
Kf6 35. Kd3 h6 36. Re1 Ke7 37. Re2 Kd7 38. Re1 Kc7 39. Re2 Kb6 40. Kd4 Re7 41.
Rg1 Rfe8 42. Bg6 Rg8 43. Be4 Re5 44. Rg4 Rge8 45. Bg6 Rf8 46. Be4 Re7 47. Rg1
Ref7 48. Rg4 Rf6 49. Re1 Be5+ 50. Kxe3 Kc5 51. Rd1 Rf4 52. Rxf4 Rxf4 53. Rh1
Bd4+ 54. Kd3 Bc3 55. Rh2 Be5 56. Rh1 Rf6 57. Rg1 Rf4 58. Rg4 Rf6 59. Rg1 Rf4
60. Rg4 Rf6 61. Rg1 1/2-1/2

[Event "FB23 1920 FC Bayern München - Kissches"]
[Site "?"]
[Date "2019.09.15"]
[Round "2.5"]
[White "Mehling, Katharina"]
[Black "Butenandt, Svenja"]
[Result "1-0"]
[WhiteElo "1978"]
[BlackElo "1807"]
[PlyCount "65"]
[EventDate "2019.??.??"]

1. Nf3 Nf6 2. g3 d5 3. Bg2 e6 4. O-O c5 5. d3 Nc6 6. Nbd2 Be7 7. e4 d4 8. Ne1
Qc7 9. f4 Bd7 10. a4 h5 11. Nef3 e5 12. Nc4 exf4 13. Bxf4 Qc8 14. e5 Ng4 15. h3
Nh6 16. Ng5 Nf5 17. Ne4 Be6 18. g4 hxg4 19. hxg4 Bxc4 20. gxf5 Bd5 21. Bg3 Bxe4
22. Bxe4 Bg5 23. Qg4 Be3+ 24. Kg2 g5 25. Rh1 Rf8 26. Rh7 Nd8 27. Rah1 c4 28.
Rh8 Qc5 29. Rxf8+ Qxf8 30. dxc4 Rc8 31. Bd5 Nc6 32. Rh7 f6 33. Qh5+ {Schwarz
gab auf} 1-0

[Event "FB23 1920 FC Bayern München - Kissches"]
[Site "?"]
[Date "2019.09.15"]
[Round "2.6"]
[White "Spiel, Marianne"]
[Black "Reichert, Claudia"]
[Result "1-0"]
[WhiteElo "1880"]
[BlackElo "1672"]
[PlyCount "59"]
[EventDate "2019.??.??"]

1. e4 e5 2. Nf3 Nc6 3. Bb5 a6 4. Ba4 Nf6 5. O-O b5 6. Bb3 Be7 7. c3 O-O 8. a4
b4 9. Re1 a5 10. d4 exd4 11. cxd4 d6 12. h3 h6 13. Nbd2 Re8 14. Nf1 Bf8 15. Ng3
d5 16. e5 Nh7 17. Be3 f6 18. Rc1 Ne7 19. Qd3 Ba6 20. Qc2 c6 21. Nf5 Rc8 22. Nd6
Rc7 23. Ba2 fxe5 24. dxe5 Nc8 25. Nxe8 Qxe8 26. Bxd5+ Kh8 27. Nh4 Ne7 28. Be4
Ng5 29. Ng6+ Nxg6 30. Bxg6 {Schwarz gab auf} 1-0

[Event "FB23 1920 SV Stuttgart-Wolfbusch - SK 1"]
[Site "?"]
[Date "2019.09.15"]
[Round "2.2"]
[White "Siegl, Melina"]
[Black "Ries, Jutta"]
[Result "0-1"]
[WhiteElo "2018"]
[BlackElo "1986"]
[PlyCount "114"]
[EventDate "2019.??.??"]

1. e4 Nf6 2. e5 Nd5 3. d4 d6 4. c4 Nb6 5. exd6 exd6 6. Be2 Be7 7. Nc3 Bf5 8. a3
O-O 9. Nf3 Bf6 10. Be3 Re8 11. O-O d5 12. c5 Nc4 13. Bc1 Nc6 14. b3 N4a5 15.
Bf4 Nxd4 16. Nxd4 Bxd4 17. Bxc7 Qxc7 18. Nb5 Qe5 19. Nxd4 Nxb3 20. Qxb3 Qxd4
21. Bf3 Be6 22. Rac1 Rac8 23. Rfd1 Qe5 24. Bxd5 Bxd5 25. Qxd5 Qxd5 26. Rxd5
Rcd8 27. Rd6 Kf8 28. Kf1 Rc8 29. Rd7 Re7 30. Rd3 Rec7 31. Rdc3 Rc6 32. Ke2 b6
33. Kd3 bxc5 34. Rc4 Ke7 35. Kc3 Ra6 36. a4 Rh6 37. h4 Kd6 38. g3 Rf6 39. f4
Rg6 40. Rd1+ Kc6 41. Rd3 Re8 42. Kb3 Rd6 43. Rdc3 Rd5 44. g4 Re1 45. Rc2 Re3+
46. Kb2 Red3 47. Re4 R3d4 48. Re7 Rxf4 49. Rxa7 Kb6 50. Re7 Rxa4 51. Rxf7 Rxg4
52. Re2 Rd3 53. h5 Rh3 54. Rf5 g6 55. hxg6 Rxg6 56. Rc2 Rc6 57. Rf8 c4 0-1

[Event "FB23 1920 SV Stuttgart-Wolfbusch - SK 1"]
[Site "?"]
[Date "2019.09.15"]
[Round "2.3"]
[White "Morio, Estelle"]
[Black "Klotz, Sonja"]
[Result "1-0"]
[WhiteElo "1841"]
[BlackElo "1968"]
[PlyCount "91"]
[EventDate "2019.??.??"]

1. f4 c5 2. Nf3 Nc6 3. e3 e6 4. Be2 g6 5. O-O Bg7 6. d3 Nge7 7. e4 d6 8. c3 O-O
9. Be3 b6 10. d4 Bb7 11. Nbd2 Rc8 12. Rc1 a6 13. a3 Qc7 14. Bd3 Nb8 15. dxc5
dxc5 16. Nc4 b5 17. Nce5 Rcd8 18. Qc2 Nd7 19. Nxd7 Qxd7 20. Bxc5 Qxd3 21. Bxe7
Qe3+ 22. Qf2 Qxe4 23. Bxd8 Rxd8 24. Rcd1 Bd5 25. Ng5 Qf5 26. Qh4 Rc8 27. Qxh7+
Kf8 28. Qh3 Qxh3 29. Nxh3 Bf6 30. Nf2 Rc4 31. Ng4 Bg7 32. Ne3 Rc5 33. Nxd5 exd5
34. f5 Kg8 35. fxg6 fxg6 36. Rf3 Be5 37. Rfd3 Bf4 38. Rxd5 Rxd5 39. Rxd5 Bc1
40. b3 Bxa3 41. c4 bxc4 42. bxc4 Bc1 43. c5 Kf7 44. c6 Be3+ 45. Kf1 Bb6 46. c7
1-0

[Event "FB23 1920 SV Stuttgart-Wolfbusch - SK 1"]
[Site "?"]
[Date "2019.09.15"]
[Round "2.4"]
[White "Froehlich, Franziska"]
[Black "Tampe, Friederike"]
[Result "1-0"]
[WhiteElo "1876"]
[BlackElo "1577"]
[PlyCount "47"]
[EventDate "2019.??.??"]

1. e4 e5 2. Nf3 Nc6 3. Bb5 a6 4. Ba4 Nf6 5. O-O Be7 6. d3 b5 7. Bb3 d6 8. a4
Bb7 9. Nc3 b4 10. Ne2 O-O 11. Ng3 Re8 12. Nf5 Bf8 13. a5 h6 14. N3h4 d5 15.
exd5 Nxd5 16. Qg4 Kh7 17. Nf3 Bc8 18. Qe4 Bxf5 19. Qxf5+ Kg8 20. Qe4 Nde7 21.
Nxe5 Nxe5 22. Qxe5 Ng6 23. Qf5 Qe7 24. Qxg6 1-0

[Event "FB23 1920 SV Stuttgart-Wolfbusch - SK 1"]
[Site "?"]
[Date "2019.09.15"]
[Round "2.5"]
[White "Mueller, Manon"]
[Black "Kobald, Jacqueline"]
[Result "1/2-1/2"]
[WhiteElo "1804"]
[BlackElo "1885"]
[PlyCount "51"]
[EventDate "2019.??.??"]

1. d4 Nf6 2. Bg5 Ne4 3. Bf4 d6 4. f3 Nf6 5. e4 g6 6. c4 Bg7 7. Nc3 O-O 8. Bd3
e5 9. dxe5 Nh5 10. Be3 dxe5 11. Nge2 Nc6 12. Bc2 Qxd1+ 13. Rxd1 Nb4 14. Ba4 Na6
15. b4 Nf4 16. O-O Nxe2+ 17. Nxe2 Be6 18. Bb3 c6 19. Nc1 Rfd8 20. b5 cxb5 21.
cxb5 Bxb3 22. Nxb3 Nb4 23. a4 b6 24. Rd2 Rxd2 25. Bxd2 Nd3 26. Rb1 1/2-1/2

[Event "FB23 1920 SG Augsburg 1873 - SK Freibur"]
[Site "?"]
[Date "2019.09.15"]
[Round "2.1"]
[White "Hund, Barbara"]
[Black "Jussupow, Nadejda"]
[Result "1/2-1/2"]
[WhiteElo "2088"]
[BlackElo "2168"]
[PlyCount "73"]
[EventDate "2019.??.??"]

1. e4 e6 2. d4 d5 3. Nc3 Nc6 4. Nf3 Nf6 5. Bg5 Be7 6. e5 Ne4 7. Bxe7 Qxe7 8. a3
Nxc3 9. bxc3 O-O 10. Bb5 Na5 11. O-O c5 12. Bd3 Nc4 13. Bxc4 dxc4 14. Nd2 Bd7
15. Qe2 Bc6 16. a4 Rad8 17. f4 cxd4 18. Nxc4 Qc5 19. Nd6 f6 20. cxd4 Qxd4+ 21.
Kh1 fxe5 22. fxe5 Rf4 23. Rxf4 Qxf4 24. Rf1 Qh4 25. a5 h6 26. c3 Rf8 27. Rxf8+
Kxf8 28. Kg1 Kg8 29. h3 Qf4 30. c4 Qd4+ 31. Kh2 Qc3 32. Nc8 g6 33. Nxa7 Qxa5
34. Nxc6 bxc6 35. Qe4 Kg7 36. Qd4 Qc7 37. c5 1/2-1/2

[Event "FB23 1920 SG Augsburg 1873 - SK Freibur"]
[Site "?"]
[Date "2019.09.15"]
[Round "2.2"]
[White "Nentwig, Nicole"]
[Black "Hund, Isabel"]
[Result "1-0"]
[WhiteElo "1862"]
[BlackElo "2022"]
[PlyCount "63"]
[EventDate "2019.??.??"]

1. e4 e5 2. Nf3 Nc6 3. Bc4 Be7 4. d4 d6 5. dxe5 Nxe5 6. Nxe5 dxe5 7. Qh5 g6 8.
Qxe5 Nf6 9. Bh6 Qd6 10. Qxd6 cxd6 11. Nc3 Be6 12. Bb5+ Bd7 13. Rd1 O-O-O 14.
O-O Bxb5 15. Nxb5 a6 16. Nc3 Rhe8 17. Rfe1 Bf8 18. Bg5 Re6 19. Bxf6 Rxf6 20.
Nd5 Re6 21. Kf1 Rde8 22. Rd4 b5 23. a4 f5 24. axb5 axb5 25. Rb4 Bh6 26. Rxb5
Rxe4 27. Ra1 R8e6 28. g3 f4 29. Kg2 fxg3 30. hxg3 Bd2 31. Ra7 Rc4 32. Nb6+ 1-0

[Event "FB23 1920 SG Augsburg 1873 - SK Freibur"]
[Site "?"]
[Date "2019.09.15"]
[Round "2.4"]
[White "Lorenz, Oda"]
[Black "Spiegelberg, Silvia"]
[Result "0-1"]
[WhiteElo "1821"]
[BlackElo "1888"]
[PlyCount "74"]
[EventDate "2019.??.??"]

1. e4 e5 2. Nf3 Nf6 3. Nc3 Nc6 4. Bc4 Nxe4 5. Nxe4 d5 6. Bxd5 Qxd5 7. d3 Bg4 8.
h3 Bh5 9. Bg5 Nd4 10. g4 Bg6 11. c4 Nxf3+ 12. Qxf3 Bb4+ 13. Ke2 Qd4 14. Rab1 h6
15. Be3 Qd7 16. a3 Be7 17. Rhd1 a6 18. Nc5 Bxc5 19. Qxb7 O-O 20. Bxc5 Rfd8 21.
Qf3 Qe6 22. Rbc1 Re8 23. Qe3 h5 24. Qg5 hxg4 25. hxg4 Rad8 26. Rd2 Rd7 27. b3
Qc6 28. Qe3 Rd4 29. b4 Rxg4 30. Qf3 Qe6 31. Rh1 e4 32. Qe3 exd3+ 33. Kd1 Re4
34. Rxd3 Rxe3 35. Rxe3 Qd7+ 36. Kc1 Rxe3 37. Bxe3 Qd3 0-1

[Event "FB23 1920 SG Augsburg 1873 - SK Freibur"]
[Site "?"]
[Date "2019.09.15"]
[Round "2.5"]
[White "Tolstorukova, Amelie"]
[Black "Muench, Ursula"]
[Result "0-1"]
[WhiteElo "1358"]
[BlackElo "1787"]
[PlyCount "76"]
[EventDate "2019.??.??"]

1. d4 Nf6 2. Bf4 g6 3. e3 Bg7 4. Nf3 d6 5. Nbd2 Nbd7 6. Bd3 O-O 7. c3 Re8 8.
O-O c6 9. Re1 e5 10. dxe5 dxe5 11. Bg5 Qc7 12. Bxf6 Nxf6 13. Ng5 h6 14. Nge4
Rd8 15. Qc2 Nd5 16. Ng3 Be6 17. Rad1 Qe7 18. Bc4 Rd7 19. Re2 Rad8 20. Rf1 b5
21. Bd3 Nxc3 22. bxc3 Rxd3 23. f4 exf4 24. exf4 Qc5+ 25. Kh1 Qxc3 26. Qxc3 Bxc3
27. Nde4 Bc4 28. a3 Bg7 29. Ree1 Rxa3 30. Rf2 Rad3 31. Rff1 R8d4 32. Rf3 Rd1
33. Rg1 Rxg1+ 34. Kxg1 Rd1+ 35. Kf2 Bd4+ 36. Re3 Bxe3+ 37. Kxe3 f5 38. Nf6+ Kf7
0-1

[Event "FB23 1920 SC Bavaria Regensburg 1881 - "]
[Site "?"]
[Date "2019.12.14"]
[Round "3.1"]
[White "Li, Zhuoling"]
[Black "Palkova, Katerina"]
[Result "1/2-1/2"]
[WhiteElo "2158"]
[BlackElo "2041"]
[PlyCount "90"]
[EventDate "2019.??.??"]

1. e4 d6 2. d4 Nf6 3. Nc3 c6 4. Nf3 g6 5. Be2 Bg7 6. O-O O-O 7. a4 Nbd7 8. e5
Nd5 9. Nxd5 cxd5 10. exd6 e6 11. b3 Re8 12. Bb5 a6 13. Bxd7 Bxd7 14. Ba3 Rc8
15. Qd2 Bf8 16. Rfe1 b5 17. Bb4 Bc6 18. Qf4 Kg7 19. Ne5 f6 20. Nxc6 Rxc6 21.
axb5 Bxd6 22. Bxd6 Rxd6 23. bxa6 Qb6 24. Ra4 Ra8 25. Rea1 Rc6 26. Qd2 Qb5 27.
a7 Rc7 28. h4 Qd7 29. Qa5 Rxc2 30. R4a2 Rc7 31. b4 Rb7 32. Qa4 Qd6 33. Rb1 Qb6
34. Qa6 Qxa6 35. Rxa6 Raxa7 36. Rxe6 Ra4 37. Rd6 Raxb4 38. Rxb4 Rxb4 39. Rd7+
Kf8 40. Rxd5 Ke7 41. g3 h5 42. Kg2 Ke6 43. Rd8 Ke7 44. Rg8 Kf7 45. Rc8 Rxd4
1/2-1/2

[Event "FB23 1920 SC Bavaria Regensburg 1881 - "]
[Site "?"]
[Date "2019.12.14"]
[Round "3.2"]
[White "Bardorz, Jana"]
[Black "Siegl, Melina"]
[Result "1/2-1/2"]
[WhiteElo "2054"]
[BlackElo "2011"]
[PlyCount "110"]
[EventDate "2019.??.??"]

1. e4 c5 2. Nf3 e6 3. d4 cxd4 4. Nxd4 Nf6 5. Nc3 d6 6. Be3 a6 7. f3 Be7 8. Qd2
Qc7 9. O-O-O Nc6 10. g4 b5 11. Kb1 Rb8 12. h4 Ne5 13. b3 Bb7 14. g5 Nfd7 15.
Bd3 Nc5 16. h5 Rc8 17. Nce2 d5 18. exd5 Bxd5 19. Nf4 Nxf3 20. Qf2 Nxg5 21. Nxd5
exd5 22. Nf5 Nge6 23. h6 g6 24. Nxe7 Qxe7 25. Rhe1 Nd7 26. Bf1 Qf6 27. Qd2 O-O
28. Qxd5 Rfd8 29. Qg2 Qc3 30. Bd3 Ndc5 31. Bd2 Qf6 32. Bc1 Nxd3 33. Rxd3 Rxd3
34. cxd3 Qc3 35. Qd2 Qxd2 36. Bxd2 Rd8 37. Kc2 Nd4+ 38. Kd1 Nf5 39. Kc2 Rc8+
40. Kd1 Rd8 41. Re5 f6 42. Re6 Rd6 43. Re8+ Kf7 44. Rh8 g5 45. Rxh7+ Kg6 46.
Ra7 Nxh6 47. Ke2 Ng4 48. Bc3 Kf5 49. d4 Re6+ 50. Kd3 Ne3 51. Bd2 Nd5 52. Rd7
Nb6 53. Ra7 Nc8 54. Rc7 Nb6 55. Ra7 Nc8 1/2-1/2

[Event "FB23 1920 SC Bavaria Regensburg 1881 - "]
[Site "?"]
[Date "2019.12.14"]
[Round "3.3"]
[White "Leser, Katrin"]
[Black "Leuchsenring, Christina"]
[Result "1/2-1/2"]
[WhiteElo "2004"]
[BlackElo "1929"]
[PlyCount "113"]
[EventDate "2019.??.??"]

1. e4 c5 2. Nf3 Nc6 3. d4 cxd4 4. Nxd4 Nf6 5. Nc3 e5 6. Ndb5 d6 7. Bg5 a6 8.
Na3 b5 9. Bxf6 gxf6 10. Nd5 Bg7 11. Bd3 Be6 12. O-O O-O 13. Qh5 Ne7 14. Rae1
Ng6 15. c3 f5 16. exf5 Bxd5 17. fxg6 hxg6 18. Qd1 Be6 19. f4 exf4 20. Bxg6 Qg5
21. Bb1 Be5 22. Nc2 Kh8 23. Nd4 Rg8 24. Qc2 Bxd4+ 25. cxd4 Rg7 26. Qf2 Rc8 27.
Be4 Bc4 28. Rc1 Rgg8 29. Qxf4 Qxf4 30. Rxf4 Bxa2 31. Ra1 Bc4 32. Rxa6 Rcd8 33.
d5 Rg5 34. Rb6 Kg7 35. Rb7 Rf8 36. Kf2 Re5 37. Rg4+ Kf6 38. Rd7 Bxd5 39. Rxd6+
Be6 40. Rb6 Rd8 41. Kg3 Rd2 42. Rf4+ Kg7 43. b4 Rb2 44. Bc6 Rb3+ 45. Kh4 Bc4
46. Rg4+ Kf8 47. Rb8+ Ke7 48. Re8+ Kf6 49. Rf4+ Rf5 50. Rxf5+ Kxf5 51. Be4+ Kf6
52. g4 Rxb4 53. g5+ Kg7 54. Kg3 Be6 55. Kf3 Rb3+ 56. Kg2 Rb2+ 57. Kg3 1/2-1/2

[Event "FB23 1920 SC Bavaria Regensburg 1881 - "]
[Site "?"]
[Date "2019.12.14"]
[Round "3.4"]
[White "Pavlov, Liliane"]
[Black "Froehlich, Franziska"]
[Result "0-1"]
[WhiteElo "1623"]
[BlackElo "1869"]
[PlyCount "114"]
[EventDate "2019.??.??"]

1. d4 d5 2. c4 e6 3. Nf3 Nf6 4. g3 Be7 5. Bg2 O-O 6. O-O c5 7. cxd5 Nxd5 8. Nc3
Nf6 9. Bf4 Nc6 10. dxc5 Bxc5 11. Rc1 Bb6 12. Qc2 Qe7 13. Rfd1 Rd8 14. Ne4 Nxe4
15. Qxe4 h6 16. g4 Rxd1+ 17. Rxd1 Qb4 18. Qxb4 Nxb4 19. Bd6 Nc6 20. Bg3 e5 21.
h3 f6 22. e3 Be6 23. a3 Rc8 24. Nh4 Rc7 25. Nf5 Ne7 26. Nxe7+ Rxe7 27. Bd5 Kf7
28. Bxe6+ Kxe6 29. Kf1 Rc7 30. Rd2 Ba5 31. b4 Bb6 32. Ke2 a5 33. Rb2 axb4 34.
Rxb4 Bc5 35. Rb3 Kd5 36. Kd3 Rd7 37. Bh2 e4+ 38. Kc3 Kc6 39. Kc2 b5 40. Rc3 Kb6
41. Kb3 Rd2 42. Bg3 Kc6 43. h4 Kd5 44. h5 Rd3 45. Kb2 Rxc3 46. Kxc3 Bxa3 47.
Kb3 Be7 48. Bc7 Ke6 49. Ba5 f5 50. Bc3 Bf6 51. Bxf6 Kxf6 52. gxf5 Kxf5 53. Kb4
g6 54. hxg6 Kxg6 55. Kxb5 h5 56. Kc4 h4 57. Kd4 Kf5 0-1

[Event "FB23 1920 SC Bavaria Regensburg 1881 - "]
[Site "?"]
[Date "2019.12.14"]
[Round "3.5"]
[White "Kobald, Jacqueline"]
[Black "Oberhofer, Marie"]
[Result "1-0"]
[WhiteElo "1851"]
[BlackElo "1700"]
[PlyCount "59"]
[EventDate "2019.??.??"]

1. e4 c5 2. Nf3 d6 3. d4 cxd4 4. Nxd4 Nf6 5. Nc3 g6 6. Be3 Bg7 7. f3 O-O 8. Qd2
Nc6 9. O-O-O d5 10. exd5 Nxd5 11. Nxc6 bxc6 12. Bd4 Bxd4 13. Qxd4 Qb6 14. Na4
Qc7 15. Bc4 e5 16. Qc5 Nb6 17. Bb3 Bb7 18. Rhe1 Rfe8 19. Qd6 Qe7 20. Qxe7 Rxe7
21. Nc5 Rae8 22. Rd6 Ba8 23. h4 Kg7 24. g4 Nd5 25. Ba4 Rc8 26. h5 Nf6 27. h6+
Kxh6 28. Rxf6 Kg7 29. Rd6 f6 30. Red1 1-0

[Event "FB23 1920 SC Bavaria Regensburg 1881 - "]
[Site "?"]
[Date "2019.12.14"]
[Round "3.6"]
[White "Wetzler, Sophia"]
[Black "Gassmann, Linda"]
[Result "0-1"]
[WhiteElo "1683"]
[BlackElo "1892"]
[PlyCount "64"]
[EventDate "2019.??.??"]

1. e4 e5 2. Nf3 Nf6 3. Nc3 Nc6 4. Bc4 Bc5 5. O-O O-O 6. d3 h6 7. Bd2 d6 8. h3
a6 9. Nd5 Nxd5 10. exd5 Nd4 11. c3 Nf5 12. b4 Ba7 13. a4 Bd7 14. Bb3 Qf6 15.
Kh2 Nh4 16. Nxh4 Qxh4 17. f4 Rae8 18. f5 Qf6 19. Qf3 e4 20. dxe4 Qe5+ 21. Kh1
Qxe4 22. Qg3 Bxf5 23. Bxh6 Bg6 24. Bg5 Qd3 25. Rf3 Qe2 26. Bh4 Qb2 27. Raf1
Qxb3 28. Bg5 Qxd5 29. h4 Qe5 30. Bf4 Qe6 31. Qh2 Bh5 32. Rg3 Qe1 0-1

[Event "FB23 1920 FC Bayern München - SG Augsbu"]
[Site "?"]
[Date "2019.12.14"]
[Round "3.1"]
[White "Horvath, Maria"]
[Black "Exler, Veronika"]
[Result "0-1"]
[WhiteElo "1966"]
[BlackElo "2224"]
[PlyCount "62"]
[EventDate "2019.??.??"]

1. d4 d5 2. Nf3 Nf6 3. e3 Bg4 4. Bd3 e6 5. O-O c5 6. b3 Nc6 7. Bb2 Qb6 8. Nc3
cxd4 9. Na4 Qa5 10. exd4 Be7 11. Qe2 O-O 12. a3 Rac8 13. Qe3 Bxf3 14. Qxf3 Nd7
15. Qh3 g6 16. Nc5 Nxc5 17. dxc5 Qd8 18. b4 Bf6 19. Bxf6 Qxf6 20. Rad1 Qc3 21.
Rb1 Nd4 22. Rfe1 Qxa3 23. Re3 Qa2 24. c3 Nc2 25. Bxc2 Qxc2 26. Rbe1 Qf5 27. Qh4
b6 28. Re5 Qc2 29. cxb6 axb6 30. Qd4 Qxc3 31. Qxb6 Qxe5 0-1

[Event "FB23 1920 FC Bayern München - SG Augsbu"]
[Site "?"]
[Date "2019.12.14"]
[Round "3.2"]
[White "Khrapko, Marharyta"]
[Black "Woniak, Katarzyna"]
[Result "1/2-1/2"]
[WhiteElo "2059"]
[BlackElo "1938"]
[PlyCount "119"]
[EventDate "2019.??.??"]

1. e4 g6 2. d4 Bg7 3. Nc3 c6 4. Nge2 d5 5. exd5 cxd5 6. g3 Nc6 7. Bg2 e6 8. O-O
Nge7 9. Bg5 h6 10. Be3 O-O 11. Qd2 Kh7 12. Rad1 Nf5 13. Na4 Qa5 14. b3 Qxd2 15.
Rxd2 Nce7 16. c4 Bd7 17. Nc5 Bc6 18. Nc3 b6 19. N5a4 Rac8 20. c5 Bxa4 21. Nxa4
bxc5 22. Nxc5 Nc6 23. g4 Nfxd4 24. Na6 f5 25. gxf5 Rxf5 26. f4 Rf7 27. Rc1 Rcf8
28. b4 Nf5 29. Bf2 Nfe7 30. Nc7 Nd8 31. Bxa7 Rxf4 32. Bc5 R8f7 33. Re1 Bc3 34.
Rde2 Bxe1 35. Rxe1 Nec6 36. Bd6 Rf2 37. b5 Nd4 38. b6 Rxa2 39. Rb1 Nb7 40. Be5
Ne2+ 41. Kh1 Rf5 42. Bb2 Rg5 43. Nb5 Ra6 44. Bf6 Rf5 45. Nc7 Ra2 46. Ba1 Rf2
47. Be5 Rxg2 48. Rf1 Rg1+ 49. Rxg1 Nxg1 50. Kxg1 Re2 51. Bf6 Re4 52. Kg2 d4 53.
Kf3 Re3+ 54. Kf2 e5 55. Nd5 Re4 56. Kf3 Re1 57. Kf2 Re4 58. Kf3 Re1 59. Kf2 Re4
60. Kf3 1/2-1/2

[Event "FB23 1920 FC Bayern München - SG Augsbu"]
[Site "?"]
[Date "2019.12.14"]
[Round "3.3"]
[White "Braun, Kristin"]
[Black "Santeramo, Alessia"]
[Result "0-1"]
[WhiteElo "1951"]
[BlackElo "2138"]
[PlyCount "62"]
[EventDate "2019.??.??"]

1. e4 e5 2. Nf3 Nc6 3. Bc4 Nf6 4. d3 Bc5 5. c3 O-O 6. Nbd2 d5 7. exd5 Nxd5 8.
Ne4 Be7 9. O-O Bg4 10. h3 Bh5 11. Re1 Nb6 12. Bb3 Kh8 13. Ng3 Bg6 14. Nxe5 Nxe5
15. Rxe5 Bd6 16. Re3 f5 17. Re1 f4 18. Ne4 f3 19. Bg5 Qd7 20. Nxd6 cxd6 21. g4
d5 22. Re3 h6 23. Bh4 Qf7 24. Qd2 Rae8 25. Rae1 Qf4 26. Qc1 Kh7 27. Bg3 Qg5 28.
Re5 Rxe5 29. Bxe5 Qh4 30. Bd1 Qxh3 31. Bxf3 Rxf3 0-1

[Event "FB23 1920 FC Bayern München - SG Augsbu"]
[Site "?"]
[Date "2019.12.14"]
[Round "3.4"]
[White "Giss, Helene"]
[Black "Nentwig, Nicole"]
[Result "1-0"]
[WhiteElo "2040"]
[BlackElo "1879"]
[PlyCount "113"]
[EventDate "2019.??.??"]

1. e4 e5 2. Nf3 Nc6 3. d4 exd4 4. Nxd4 Bc5 5. Nxc6 dxc6 6. Qxd8+ Kxd8 7. Bc4
Be6 8. Bg5+ Kc8 9. Bxe6+ fxe6 10. Nd2 h6 11. Bh4 Nf6 12. f3 b6 13. O-O-O Nh5
14. Bg3 Nxg3 15. hxg3 Bf2 16. g4 Kb7 17. c3 Rad8 18. Nc4 Kc8 19. Ne5 c5 20. Nd3
Be3+ 21. Kc2 Rhf8 22. b3 Bf4 23. Rhg1 Bg3 24. Rgf1 g5 25. Rh1 Rh8 26. Rh3 Bd6
27. Rdh1 Bf8 28. Ne5 Rh7 29. Rh5 Bd6 30. Nc4 Rdh8 31. Rd1 Rd7 32. Rhh1 b5 33.
Nb2 a5 34. Rd3 Bf4 35. Rhd1 Rhd8 36. Rxd7 Rxd7 37. Rxd7 Kxd7 38. Nd3 Bd6 39. e5
c4 40. bxc4 bxc4 41. Nb2 Bxe5 42. Nxc4 Bg7 43. Nxa5 Kd6 44. Nc4+ Kd5 45. Kd3
Kc5 46. a4 Bf6 47. Nd2 Bg7 48. Nb3+ Kd5 49. a5 c5 50. c4+ Kc6 51. a6 Bf8 52.
Na5+ Kb6 53. a7 Kxa7 54. Nc6+ Kb6 55. Nd8 e5 56. Ke4 Be7 57. Nf7 1-0

[Event "FB23 1920 FC Bayern München - SG Augsbu"]
[Site "?"]
[Date "2019.12.14"]
[Round "3.5"]
[White "Lorenz, Oda"]
[Black "Mayrhuber, Nikola"]
[Result "0-1"]
[WhiteElo "1778"]
[BlackElo "2016"]
[PlyCount "72"]
[EventDate "2019.??.??"]

1. e4 e6 2. d4 d5 3. exd5 exd5 4. c4 Bb4+ 5. Nc3 Nf6 6. Bg5 O-O 7. Be2 h6 8.
Bxf6 Qxf6 9. cxd5 Re8 10. Nf3 Qe7 11. Ne5 Bxc3+ 12. bxc3 Bf5 13. Nc4 Be4 14.
Ne3 f5 15. f3 Bxf3 16. Bxf3 Qxe3+ 17. Kf1 Nd7 18. Qb3 Qd3+ 19. Kf2 Qd2+ 20. Kf1
Kh7 21. Rd1 Qf4 22. Kf2 Qe3+ 23. Kf1 Nf6 24. c4 Qg5 25. Kf2 Ne4+ 26. Bxe4 Rxe4
27. Rhe1 Rae8 28. Rxe4 Rxe4 29. Qg3 Rg4 30. Qh3 Qe7 31. Rd3 Qe4 32. Kf1 Rf4+
33. Rf3 Qd3+ 34. Ke1 Re4+ 35. Kf2 Qd2+ 36. Kg3 Qe1+ 0-1

[Event "FB23 1920 FC Bayern München - SG Augsbu"]
[Site "?"]
[Date "2019.12.14"]
[Round "3.6"]
[White "Ankerst, Milka"]
[Black "Schaefer, Ann-Kathrin"]
[Result "1-0"]
[WhiteElo "2001"]
[BlackElo "1704"]
[PlyCount "63"]
[EventDate "2019.??.??"]

1. e4 e6 2. d4 d5 3. Nc3 Nf6 4. Bg5 h6 5. Bxf6 Qxf6 6. e5 Qd8 7. f4 c5 8. Nf3
Bd7 9. Bd3 Nc6 10. O-O a6 11. Kh1 cxd4 12. Ne2 Qb6 13. Rb1 a5 14. a3 Bc5 15.
Qe1 O-O 16. g4 a4 17. f5 f6 18. exf6 Rxf6 19. fxe6 Rxe6 20. Qh4 Be7 21. Qh5 Rd6
22. Nf4 Qc5 23. g5 Be8 24. Ng6 Bf8 25. gxh6 gxh6 26. Qg4 Bg7 27. Rbe1 Bf7 28.
Rg1 Bxg6 29. Bxg6 Kh8 30. Bd3 Rg8 31. Qf5 Rf6 32. Qh7# 1-0

[Event "FB23 1920 Kisschess - SK Freiburg-Zähri"]
[Site "?"]
[Date "2019.12.14"]
[Round "3.1"]
[White "Hund, Barbara"]
[Black "Sukandar, Irine Kharisma"]
[Result "0-1"]
[WhiteElo "2088"]
[BlackElo "2400"]
[PlyCount "50"]
[EventDate "2019.??.??"]

1. e4 c5 2. Nc3 d6 3. f4 g6 4. Nf3 Bg7 5. Bb5+ Bd7 6. Bxd7+ Qxd7 7. O-O Nc6 8.
d3 Nf6 9. Nh4 O-O 10. Bd2 b5 11. f5 b4 12. Ne2 d5 13. fxg6 fxg6 14. exd5 Nxd5
15. c4 Rxf1+ 16. Qxf1 Rf8 17. Qe1 Nc7 18. Be3 Qxd3 19. Bxc5 Ne6 20. Bf2 Ne5 21.
Bxa7 g5 22. Rd1 Qxc4 23. Nd4 gxh4 24. Qxh4 Nxd4 25. Bxd4 Ng6 0-1